| 000 | 01637nam a2200505 i 4500 | ||
|---|---|---|---|
| 001 | 45137 | ||
| 003 | KOSZ 005 | ||
| 005 | 20200212130407.0 | ||
| 008 | 050602s2004 pl a f |001 0 pol | ||
| 015 | _aPB 2012/25612 | ||
| 020 | _a8392107306 | ||
| 035 | _a991027121869705066 | ||
| 035 | _a(PL-WaBN)b1735934x-48omnis_nlop | ||
| 035 | _ab1735934x | ||
| 035 | _a(OCoLC)830660228 | ||
| 035 | _a(PL)b0000001735934 | ||
| 035 | _a(EXLNZ-48OMNIS_NETWORK)9910354289105606 | ||
| 040 |
_aWA N _cWA N _dKOSZ 005/HR |
||
| 046 | _k2004 | ||
| 080 | _a004.032.22 | ||
| 080 | _a004.3 | ||
| 080 | _a004.5 | ||
| 080 | _a621.3.049.77 | ||
| 100 | 1 |
_aBogusz, Jacek _eAutor |
|
| 245 | 1 | 0 |
_aLokalne interfejsy szeregowe w systemach cyfrowych / _cJacek Bogusz. |
| 260 |
_aWarszawa : _b"BTC", _ccop. 2004. |
||
| 300 |
_a175 s. : _bil. ; _c25 cm. |
||
| 336 |
_2rdacontent _aTekst _btxt |
||
| 337 |
_2rdamedia _aBez urządzenia pośredniczącego _bn |
||
| 338 |
_2rdacarrier _aWolumin _bnc |
||
| 380 | _aKsiążki | ||
| 380 | _aPublikacje fachowe | ||
| 388 | _a2001- | ||
| 500 | _aNa okł. podtyt.: I2C, Microwire, SPI, SMBus, 1-Wire. | ||
| 504 | _aIndeks. | ||
| 650 | 7 |
_aInterfejsy sprzętowe _2DBN |
|
| 650 | 7 |
_aMikrokontrolery _2DBN |
|
| 650 | 7 |
_aProtokół (informatyka) _2DBN |
|
| 650 | 7 |
_aTransmisja danych _2DBN |
|
| 658 | _aInformatyka i technologie informacyjne | ||
| 710 | 2 |
_aBTC Korporacja, Paweł Zbysiński _4pbl |
|
| 856 |
_uhttp://koha.tu.koszalin.pl/cgi-bin/koha/opac-detail.pl?biblionumber=45137 _yKatalog online BPK |
||
| 942 |
_2UKD _cKS |
||
| 999 |
_c45137 _d45137 |
||